000 00382nam a22001697a 4500
003 SGT
020 _a9789350253724
082 _a610.72
_bB14B
100 _aBASAVANTHAPPA, BT.
245 _aBIOSTATISTICS FOR NURSES
250 _a1ST
260 _aINDIA
_bJAYPEE PUB
_c2014
300 _a570
650 _aRESEARCH
653 _aBIOSTATISTICS FOR NURSES
942 _2ddc
_cBK
_01
999 _c24932
_d24932